[Event "Central-SRB chT 2018"]
[Site "Kragujevac"]
[Date "2018.09.20"]
[Round "9"]
[White "Zajic, Milan"]
[Black "Csonka, Balazs"]
[Result "1/2-1/2"]
[WhiteElo "2497"]
[BlackElo "2450"]
[Annotator "TA"]
[PlyCount "87"]
[EventDate "2018.09.14"]
[EventType "team-tourn"]
[EventCountry "SRB"]
[SourceTitle "playchess.com"]
[Source "ChessBase"]
[SourceQuality "1"]

{[%evp 27,87,12,9,16,18,14,12,13,21,17,23,18,23,13,31,32,20,25,23,20,47,47,47,47,47,47,51,47,47,47,51,26,41,26,26,26,26,26,26,26,26,26,26,26,26,26,26,26,163,164,161,150,138,108,121,0,108,0,123,120,125,0]} 1. e4 c6 2. d4 d5 3. Nd2 dxe4 4. Nxe4 Bf5 5. Ng3 Bg6 6. h4 h6 7. Nf3 e6 8. Ne5 Bh7 9. Bd3 Bxd3 10. Qxd3 Nd7 {B19: Classical Caro-Kann: 4...Bf5 main line} 11. Bf4 (11. f4 Be7 12. Bd2 Nxe5 13. fxe5 Bxh4 14. O-O-O Bxg3 15. Qxg3 Ne7 16. Qxg7 Rg8 17. Qf6 Nf5 18. Bxh6 Qxf6 19. exf6 {½-½ (32) Hou,Y (2680)-Karjakin,S (2753) Wijk aan Zee 2018}) 11... Nxe5 12. Bxe5 Qa5+ 13. c3 Nf6 14. Ne4 Nxe4 {LiveBook: 5 Games} 15. Qxe4 Qd5 16. Qxd5 exd5 17. h5 f6 18. Bf4 {[#]} Kf7 $146 19. Ke2 Be7 20. Kf3 Rhe8 21. a4 Bf8 22. Rhe1 Rxe1 23. Rxe1 Re8 24. Rxe8 Kxe8 $14 {[%mdl 4096] Endgame KB-KB} 25. Kg4 Kf7 26. Kf5 a6 27. a5 Be7 28. Bc7 Bf8 29. g4 Be7 30. f4 Bf8 $1 31. g5 fxg5 32. fxg5 hxg5 33. Kxg5 {Kf5 is the strong threat.} Be7+ 34. Kf5 Bh4 35. b3 Bf2 36. Bb6 Be1 37. c4 Bg3 (37... dxc4 $1 $11 {and Black is okay.} 38. bxc4 Bf2) 38. cxd5 $18 cxd5 39. Bd8 Bd6 40. Bg5 Bb4 41. Bd8 Bd6 $1 42. Bb6 Bg3 $1 43. Bc5 Bc7 {[#]} 44. Bb6 {Precision: White = 64%, Black = 71%.} (44. Bb4 $1 $16) 1/2-1/2

[Event "Central-SRB chT 2018"]
[Site "Kragujevac"]
[Date "2018.09.20"]
[Round "9"]
[White "Draskovic, Luka"]
[Black "Ristic, Nenad"]
[Result "1-0"]
[WhiteElo "2449"]
[BlackElo "2359"]
[Annotator "TA"]
[PlyCount "73"]
[EventDate "2018.09.14"]
[EventType "team-tourn"]
[EventCountry "SRB"]
[SourceTitle "playchess.com"]
[Source "ChessBase"]
[SourceQuality "1"]

{[%evp 17,73,55,63,66,60,64,60,44,48,50,73,53,67,57,57,48,115,122,154,58,56,60,54,90,177,181,406,244,248,228,441,463,925,942,798,547,539,509,652,618,705,687,718,714,1026,1014,929,533,885,520,1575,1490,5406,5406,5381,5373,29982,29983]} 1. e4 c5 2. Nf3 d6 3. d4 cxd4 4. Nxd4 Nf6 5. Nc3 g6 6. Be3 Bg7 7. f3 O-O 8. Qd2 Nc6 9. g4 Qa5 {LiveBook: 9 Partien. B76: Sizilianisch (Moderne Drachen-Variante)} (9... Be6 10. Nxe6 fxe6 11. O-O-O Ne5 12. Be2 Qc8 13. h4 Nfd7 14. h5 Nc4 15. Bxc4 Qxc4 16. hxg6 hxg6 17. f4 Bxc3 18. bxc3 Nf6 19. Bd4 e5 20. fxe5 dxe5 {1-0 (41) Cornette,M (2611)-Jones,G (2640) chess.com INT 2018}) 10. Nb3 Qc7 11. g5 Nh5 {Weiß steht etwas besser.} 12. Nd5 Qd8 13. O-O-O $1 Be6 $146 ({Vorgänger:} 13... Bd7 14. Be2 Rc8 15. f4 e6 16. Bxh5 exd5 17. Bf3 dxe4 18. Bxe4 {0-1 (47) Tomes,P (2082)-Kanovsky,D Brno 2000}) 14. Be2 a5 15. Kb1 a4 16. Nc1 a3 (16... b5 $14) 17. b3 $1 $16 f5 {[#]} 18. gxf6 (18. Bb6 $1 $16 {[%cal Rb6d8]} Qc8 19. Nc7) 18... Nxf6 $14 19. h4 Ne5 20. Nxf6+ Bxf6 {[#]} (20... Rxf6 $16 21. f4 Ng4) 21. h5 $1 $18 {Und weiter mit f4 wäre nett.} gxh5 $2 (21... g5 22. Bxg5 Qa5) 22. Rxh5 Bf7 23. Rh2 Rc8 $2 (23... Qa5 24. Qxa5 Rxa5) 24. f4 Nd7 (24... Ng6 $142 25. f5 Bc3) 25. Rg1+ Kh8 26. Bb5 {Weiss droht Txh7+! und Matt.} Bg8 {[#]} 27. e5 $1 {[%mdl 512]} dxe5 28. Bxd7 exf4 29. Bxc8 Qxc8 30. Qd3 {jetzt Txg8+! und aus.} Rd8 {[#]} 31. Rxg8+ $1 Kxg8 (31... Rxg8 32. Rxh7#) 32. Qxh7+ Kf8 33. Qh6+ Kf7 (33... Bg7 $142 34. Qxf4+ Kg8) 34. Qh5+ Kf8 35. Bxf4 {Beabsichtigt Lh6+ und Matt.} Qc3 36. Bh6+ Bg7 37. Rf2+ {Precision: Weiß = 84%, Schwarz = 31%.} 1-0

[Event "Central-SRB chT 2018"]
[Site "Kragujevac"]
[Date "2018.09.20"]
[Round "9"]
[White "Stankovic, Milos"]
[Black "Perunovic, Miodrag"]
[Result "1/2-1/2"]
[WhiteElo "2443"]
[BlackElo "2433"]
[Annotator "TA"]
[PlyCount "34"]
[EventDate "2018.09.14"]
[EventType "team-tourn"]
[EventCountry "SRB"]
[SourceTitle "playchess.com"]
[Source "ChessBase"]
[SourceQuality "1"]

{[%evp 19,20,14,11]} 1. e4 e6 2. d4 d5 3. Nc3 Bb4 4. exd5 exd5 5. Bd3 Nc6 6. a3 Bxc3+ 7. bxc3 Nge7 8. Qf3 Be6 9. Ne2 Qd7 10. Ng3 {C01: French: Exchange Variation} O-O-O {LiveBook: 4 Games} {Predecessor:} 11. h3 $146 g6 12. O-O Nf5 13. Ne2 Nd6 14. Nf4 Ne7 15. a4 c6 16. Nxe6 fxe6 17. Re1 Rde8 {1-0 (27) Smeets,J (2618)-Van Haastert,E (2421) Netherlands 2014} 1/2-1/2

[Event "Central-SRB chT 2018"]
[Site "Kragujevac"]
[Date "2018.09.20"]
[Round "9"]
[White "Radovanovic, Mihajlo"]
[Black "Ristic, Nebojsa M"]
[Result "1-0"]
[WhiteElo "2427"]
[BlackElo "2361"]
[Annotator "TA"]
[PlyCount "73"]
[EventDate "2018.09.14"]
[EventType "team-tourn"]
[EventCountry "SRB"]
[SourceTitle "playchess.com"]
[Source "ChessBase"]
[SourceQuality "1"]

{[%evp 22,73,51,47,50,25,46,22,43,29,45,41,78,37,87,87,88,92,112,104,115,93,93,74,100,113,127,120,171,162,183,115,110,60,262,246,223,235,363,356,362,337,361,368,358,355,452,450,729,717,578,568,958,939]} 1. Nf3 Nf6 2. c4 d6 3. d4 g6 4. g3 Bg7 5. Bg2 O-O 6. O-O c6 7. Nc3 Qa5 8. h3 e5 9. e4 Be6 10. d5 {E62: King's Indian: Fianchetto: 6...c6 and Panno Variation (6...Nc6) without ...a6} cxd5 11. cxd5 Bd7 12. a3 {LiveBook: 4 Games. White is slightly better.} (12. Be3 Rc8 13. Nd2 Be8 14. Qe2 Nbd7 15. a3 Qd8 16. Rfc1 a6 17. a4 h5 {1-0 (54) Markus,R (2652)-Damljanovic,B (2611) Valjevo 2011}) 12... Rc8 13. Bd2 Na6 14. b4 Qd8 15. Qb3 {[#]} h6 $146 ({Predecessor:} 15... Nc7 16. a4 b5 17. a5 Nce8 {1-0 (76) Dunis,A (2461)-Guliyev,N (2509) Paris 2004}) 16. Ne1 Be8 17. Nd3 Nd7 18. Rac1 Nb6 19. Nb2 $1 Rc7 20. Rfe1 f5 21. exf5 gxf5 22. a4 {[%cal Ba3a4,Ba4a5][%mdl 32]} Rf7 23. a5 Nd7 24. Nc4 Nf6 (24... Nf8 $16) 25. f4 $1 $18 {[%cal Rf4e5]} e4 {[#]} 26. Ne3 (26. g4 $1 $18 {[%mdl 512]}) 26... Bd7 $16 27. Ne2 $36 {[%mdl 2048] aiming for Nd4. White has the initiative.} Nc7 $2 {[#]} (27... Nh5 $14) 28. Nd4 $1 $18 {[%cal Rd4e6] Threatens to win with Ne6.} Nfxd5 {[#]} 29. Nexf5 $1 {[%mdl 512]} Bxf5 (29... Rxf5 {keeps fighting.} 30. Nxf5 Bxf5) 30. Nxf5 Rxf5 31. Bxe4 Rf7 32. Bxd5 Nxd5 33. Qxd5 Qd7 34. Re6 {White is clearly winning.} Rc8 (34... Raf8 $142 35. g4 Kh8 36. Rxd6 Qe7) 35. Rxc8+ Qxc8 36. Re7 Bd4+ 37. Kh2 {Precision: White = 83%, Black = 37%.} ({Worse is} 37. Qxd4 Rxe7 38. Qxd6 Qd7 $11) 1-0

[Event "Central-SRB chT 2018"]
[Site "Kragujevac"]
[Date "2018.09.20"]
[Round "9"]
[White "Barlov, Dragan"]
[Black "Todorovic, Bojan"]
[Result "1-0"]
[WhiteElo "2414"]
[BlackElo "2318"]
[Annotator "TA"]
[PlyCount "127"]
[EventDate "2018.09.14"]
[EventType "team-tourn"]
[EventCountry "SRB"]
[SourceTitle "playchess.com"]
[Source "ChessBase"]
[SourceQuality "1"]

{[%evp 21,127,0,0,-8,-7,-15,-11,-19,-16,-43,-26,-61,-7,-7,-5,-4,-4,-6,-12,-8,-5,-20,-10,-20,-10,-5,-32,-37,-9,-18,0,-36,0,-7,-2,-28,-4,-29,-21,-28,-24,-31,-25,-18,-27,-25,-20,-20,-34,-29,24,25,22,0,18,18,18,27,40,45,48,33,41,34,37,41,40,33,60,33,51,53,46,41,41,41,41,37,37,37,118,124,125,133,122,77,77,77,79,79,2333,2099,2323,2066,1436,832,1376,1149,29973,29973,29971,29973,29984,0,29985,29986,29986,29979]} 1. Nf3 Nf6 2. c4 g6 3. g3 Bg7 4. Bg2 O-O 5. O-O c6 6. d4 d5 7. cxd5 cxd5 8. Nc3 Ne4 9. e3 Nxc3 {D79: Fianchetto Grünfeld: Symmetrical Variation (6 0-0 c6 7 cxd5 cxd5)} 10. bxc3 Nc6 11. Nd2 Be6 {LiveBook: 11 Games. The position is equal.} 12. Rb1 (12. a4 Rc8 13. Ba3 Qd7 14. Nb3 b6 15. a5 Nxa5 16. Nxa5 bxa5 17. Bc5 Rxc5 18. dxc5 {½-½ (32) Berkes,F (2665)-Swiercz,D (2613) Budapest 2014}) 12... Qd7 13. Qe2 b6 14. Ba3 Rac8 15. Qb5 Rfd8 16. Rfc1 Na5 (16... Bf5 $15 17. Rb2 e5) 17. Qxd7 $11 Rxd7 18. Bf1 Rdc7 $146 ({Predecessor:} 18... Bf5 19. Rb5 {½-½ (23) Repka,C (2414)-Kreisl,R (2441) Zillertal 2015}) 19. Ba6 Rd8 20. Bb4 Nc6 21. Nb3 Bf5 22. Ra1 Nb8 23. Bf1 Rdc8 24. Ba3 Bf8 25. Bb2 Bd7 26. Nd2 Bc6 27. Bd3 Bb7 28. Kf1 e6 29. Ke2 Ba6 30. Bxa6 Nxa6 31. Kd3 Nb8 32. c4 Nc6 33. a3 dxc4+ 34. Rxc4 b5 35. Rcc1 Na5 (35... f5 $142) 36. Rxc7 Rxc7 37. Bc3 $36 {[%mdl 2048] White has some pressure.} Nc4 38. a4 Nxd2 39. Bxd2 bxa4 40. Rxa4 {[%mdl 4096] Endgame KRB-KRB} f5 41. f3 Kf7 42. e4 fxe4+ 43. fxe4 Rd7 44. Ra5 Rb7 45. Bc3 Ke8 46. Ra6 Kd7 47. e5 {[%cal Be4e5,Be5e6][%mdl 32]} Ke7 48. Ke4 Kf7 49. d5 exd5+ 50. Kxd5 Rd7+ ({Black should try} 50... Rb5+ $1 $14 51. Kc4 Rc5+ 52. Kd3 Rc7) 51. Ke4 $16 {Hoping for e6+.} Rc7 {[#]} 52. e6+ $1 Ke8 53. Bd4 Bc5 54. Bxc5 Rxc5 55. Rxa7 {KR-KR} Rh5 $2 {[%mdl 8192]} (55... h5 $16) 56. h4 $18 Kf8 57. Rf7+ Ke8 58. Rc7 Kf8 59. Rd7 g5 60. Kd5 gxh4+ 61. Kd6 hxg3 62. Rd8+ Kg7 {[#] Strongly threatening ...g2.} 63. e7 Rh6+ 64. Ke5 {Precision: White = 58%, Black = 57%.} 1-0

[Event "Central-SRB chT 2018"]
[Site "Kragujevac"]
[Date "2018.09.20"]
[Round "9"]
[White "Soysal, Serkan"]
[Black "Petkov, Vladimir"]
[Result "1/2-1/2"]
[WhiteElo "2404"]
[BlackElo "2510"]
[Annotator "TA"]
[PlyCount "77"]
[EventDate "2018.09.14"]
[EventType "team-tourn"]
[EventCountry "SRB"]
[SourceTitle "playchess.com"]
[Source "ChessBase"]
[SourceQuality "1"]

{[%evp 17,77,21,20,20,10,0,18,0,10,2,22,18,161,161,166,156,156,152,164,163,162,164,154,169,230,236,259,262,349,279,307,108,111,116,123,138,134,0,10,7,45,0,0,-47,-11,-126,-114,-125,-117,-100,0,-118,-105,-113,-83,-135,-117,-132,0,-82,0,-115]} 1. Nf3 d5 2. g3 g6 3. Bg2 Bg7 4. d4 Nf6 5. c4 c6 6. cxd5 cxd5 7. Nc3 O-O 8. Ne5 b6 9. O-O Bb7 {LiveBook: 48 Games} 10. Be3 {D79: Fianchetto Grünfeld: Symmetrical Variation (6 0-0 c6 7 cxd5 cxd5)} (10. Qa4 a6 11. Bg5 Ne4 12. Be3 Nxc3 13. bxc3 b5 14. Qb3 Nd7 15. a4 Nxe5 16. dxe5 Bxe5 17. axb5 axb5 18. Qxb5 Bxc3 19. Rac1 Ba6 20. Qxd5 Qxd5 21. Bxd5 Rac8 {½-½ (21) Xiong,J (2652)-Vachier Lagrave,M (2795) chess.com INT 2017}) 10... e6 11. Rc1 Ne8 $146 ({Predecessor:} 11... Nfd7 12. Nxd7 Qxd7 13. Qd2 Nc6 14. Rfd1 Rfc8 15. h4 Na5 16. b3 Nc6 17. Bf3 h5 {½-½ (49) Cedikova,K (2195)-Sikorova,O (2268) Ostrava 2010}) 12. Qd2 f6 13. Nd3 Nd6 14. Bf4 {Bxd6 is the strong threat.} Rf7 (14... Na6 $11 {and Black has nothing to worry.}) 15. Bxd6 $1 $18 Qxd6 16. Nb5 $36 {[%mdl 2048] Keeping Black busy.} Qd8 17. Nf4 Na6 18. Nxe6 Qd7 19. Nxg7 Qxb5 20. Ne6 g5 (20... Re8 $142) 21. f4 Re8 22. f5 Ree7 23. Qc2 Nc7 {[#]} 24. Nxc7 $2 (24. Nd8 $1 $18) 24... Rxc7 $16 25. Qxc7 Rxc7 26. Rxc7 Ba6 {[#]} 27. Rfc1 ({Only move:} 27. Rf2 $1 $16) 27... Qxe2 28. Bxd5+ Kf8 29. Bg2 Bd3 30. R7c3 Bxf5 31. d5 (31. Rf3 $11) 31... Qxb2 $17 32. Kh1 g4 ({But not} 32... Qxa2 33. Rc7 $15) 33. Rc7 Bd7 ({Black should play} 33... a5 $17) 34. Rf1 (34. Rg1 $11 Bb5 35. a4 (35. Rxa7 Be2 $11) (35. Rxh7 Qxa2 36. Rb7 Bc4 $11) 35... Bxa4 36. Rxa7) 34... Bb5 35. Re1 Be2 36. Rc8+ (36. Rxh7 $2 Bf3 $19) (36. d6 $142 Bf3 37. Rg1) 36... Kg7 37. Rc7+ Kf8 38. Rc8+ $1 ({Avoid the trap} 38. Rxh7 $2 Bf3 $19) 38... Kg7 39. Rc7+ {Precision: White = 38%, Black = 34%.} 1/2-1/2

[Event "Central-SRB chT 2018"]
[Site "Kragujevac"]
[Date "2018.09.20"]
[Round "9"]
[White "Mijailovic, Zoran"]
[Black "Ilic, Zoran S"]
[Result "1/2-1/2"]
[WhiteElo "2400"]
[BlackElo "2307"]
[Annotator "TA"]
[PlyCount "42"]
[EventDate "2018.09.14"]
[EventType "team-tourn"]
[EventCountry "SRB"]
[SourceTitle "playchess.com"]
[Source "ChessBase"]
[SourceQuality "1"]

{[%evp 12,42,22,31,40,39,46,31,51,43,56,57,66,58,71,69,69,54,76,66,60,54,56,41,66,10,28,37,50,56,43,30,20]} 1. Nf3 c5 2. c4 Nc6 3. d4 cxd4 4. Nxd4 Nf6 5. Nc3 Qb6 6. Nb3 e6 7. a3 Be7 {A31: Symmetrical English: 2 Nf3 Nf6 3 d4} (7... d5 8. Be3 Qc7 9. cxd5 Nxd5 10. Nxd5 exd5 11. g3 Be7 12. Bg2 O-O 13. O-O Bf6 14. Nd4 Qe5 15. Nxc6 bxc6 {1-0 (45) Wojtaszek,R (2749)-Tregubov,P (2585) Tallinn 2016}) 8. e4 O-O 9. Be2 d6 {White is slightly better.} 10. O-O Ne5 11. Be3 Qc7 12. Rc1 b6 13. f4 Ng6 $146 ({Predecessor:} 13... Ned7 14. Nd2 Bb7 15. b4 {1-0 (43) Yilmaz,M (2594)-Arnason,J (2500) Reykjavik 2015}) 14. Nd4 Re8 15. Bd3 Bf8 16. b4 Bb7 17. Nb3 Rad8 18. Bd4 (18. Qe2 $14) 18... e5 19. Nd5 Bxd5 20. cxd5 Qd7 21. fxe5 Nxe5 {Precision: White = 58%, Black = 47%.} 1/2-1/2

[Event "Central-SRB chT 2018"]
[Site "Kragujevac"]
[Date "2018.09.20"]
[Round "9"]
[White "Radivojevic, Ivan"]
[Black "Markovic, Zoran S"]
[Result "1/2-1/2"]
[WhiteElo "2360"]
[BlackElo "2346"]
[Annotator "ChessBase"]
[PlyCount "33"]
[EventDate "2018.09.14"]
[EventType "team-tourn"]
[EventCountry "SRB"]
[SourceTitle "playchess.com"]
[Source "ChessBase"]
[SourceQuality "1"]
[TimeControl "40/5400+30:1800+30"]

1. e4 {[%emt 0:00:00]} c5 {[%emt 0:00:00]} 2. Nc3 {[%emt 0:01:17]} Nc6 {[%emt 0:00:00]} 3. f4 {[%emt 0:05:00]} g6 {[%emt 0:00:59]} 4. Nf3 {[%emt 0:00:05]} Bg7 {[%emt 0:00:09]} 5. Bb5 {[%emt 0:00:07]} Nd4 {[%emt 0:00:33]} 6. O-O {[%emt 0:00:06]} Nxb5 {[%emt 0:00:26]} 7. Nxb5 {[%emt 0:00:04]} d5 {[%emt 0:00:37]} 8. exd5 {[%emt 0:01:07]} a6 {[%emt 0:00:38]} 9. Nc3 {[%emt 0:00:05]} Nf6 {[%emt 0:00:22]} 10. d4 {[%emt 0:00:45]} c4 {[%emt 0:00:46]} 11. Qe2 {[%emt 0:02:14]} Nxd5 {[%emt 0:01:26]} 12. Qxc4 {[%emt 0:06:14]} Be6 {[%emt 0:01:56]} 13. Nxd5 {[%emt 0:21:01]} Bxd5 {[%emt 0:01:22]} 14. Qe2 {[%emt 0:00:39]} Rc8 {[%emt 0:01:09]} 15. Rf2 {[%emt 0:08:10]} Bxf3 {[%emt 0:02:38]} 16. Rxf3 {[%emt 0:16:07]} Qxd4+ {[%emt 0:04:46]} 17. Kh1 1/2-1/2

[Event "Central-SRB chT 2018"]
[Site "Kragujevac"]
[Date "2018.09.20"]
[Round "9"]
[White "Mladenovic, Stefan"]
[Black "Simic, Dragisa"]
[Result "1/2-1/2"]
[WhiteElo "2355"]
[BlackElo "2299"]
[Annotator "TA"]
[PlyCount "64"]
[EventDate "2018.09.14"]
[EventType "team-tourn"]
[EventCountry "SRB"]
[SourceTitle "playchess.com"]
[Source "ChessBase"]
[SourceQuality "1"]

{[%evp 19,64,33,37,21,47,34,49,43,48,16,29,15,37,0,1,0,0,-16,0,-17,-17,-12,-6,-26,-18,-52,-46,-45,-46,-50,-25,-31,-24,-34,-30,-30,-14,-14,-9,-16,-11,-20,-7,-2,-6,-7,-7]} 1. d4 c5 2. d5 g6 3. Nc3 Nf6 4. e4 d6 5. Be2 Bg7 6. Nf3 {[%cal Bg1f3,Bf3d2,Bd2c4][%mdl 32]} O-O 7. O-O Na6 8. Nd2 Nc7 9. a4 b6 10. Nc4 Ba6 11. Na3 {A43: Schmid Benoni} (11. Bf4 Bxc4 12. Bxc4 a6 13. Qe2 Nd7 14. Ra3 Qc8 15. Rb3 Rb8 16. Nb1 Ne5 17. Na3 Re8 18. Bxe5 Bxe5 19. f4 {1-0 (30) Carlsen,M (2570)-Cheparinov,I (2618) Khanty-Mansiysk 2005}) 11... Bb7 12. Bf4 $146 ({Predecessor:} 12. Nc4 Nd7 13. f4 a6 14. Bf3 b5 15. Na5 Rb8 16. Nxb7 Rxb7 17. e5 bxa4 18. exd6 exd6 19. Rxa4 {½-½ (63) Guerrero Fuentes,C (2073)-Caprino,M (2186) Spoleto 2017}) 12... Nfe8 13. Qd2 {White is slightly better.} e6 14. Bc4 exd5 15. exd5 a6 16. Rfe1 Nf6 17. Rad1 Qd7 18. h3 Rfe8 19. Qd3 Rxe1+ 20. Rxe1 Re8 21. Rxe8+ Nfxe8 22. Nab1 Qe7 23. Nd2 Qe1+ 24. Kh2 Be5 25. Bxe5 Qxe5+ 26. Qg3 {[#] Threatens to win with Qxe5.} Kf8 27. Bd3 Qxg3+ 28. Kxg3 {The position is equal.} Ke7 29. Nc4 b5 30. Na5 Ba8 31. axb5 axb5 32. Nxb5 Nxb5 {Precision: White = 60%, Black = 48%.} 1/2-1/2

[Event "Central-SRB chT 2018"]
[Site "Kragujevac"]
[Date "2018.09.20"]
[Round "9"]
[White "Nestorovic, Dejan"]
[Black "Pavlovic, Dejan S"]
[Result "1-0"]
[WhiteElo "2340"]
[BlackElo "2396"]
[Annotator "TA"]
[PlyCount "65"]
[EventDate "2018.09.14"]
[EventType "team-tourn"]
[EventCountry "SRB"]
[SourceTitle "playchess.com"]
[Source "ChessBase"]
[SourceQuality "1"]

{[%evp 24,65,49,45,44,47,40,26,28,0,52,57,45,55,68,55,45,18,33,0,0,2,124,74,74,77,68,67,126,122,118,115,449,449,449,441,5473,4761,2820,657,630,633,29997,663]} 1. d4 Nf6 2. c4 g6 3. Nc3 d5 4. cxd5 Nxd5 5. e4 Nxc3 6. bxc3 Bg7 7. Bc4 c5 8. Ne2 O-O 9. Be3 cxd4 10. cxd4 Qa5+ 11. Bd2 Qh5 12. O-O Nc6 13. Bc3 {LiveBook: 3 Games} b5 {D86: Exchange Grünfeld: Classical Line (7 Bc4)} 14. Bd5 Bd7 (14... Bb7 15. Rc1 Rac8 16. f3 Bh6 17. Bd2 Rfd8 18. Rc5 Nxd4 19. Bxf7+ Kxf7 20. Rxh5 Nxe2+ 21. Qxe2 Rxd2 22. Qxb5 gxh5 23. Qxb7 {1-0 (36) L'Ami,E (2577)-Brkic,A (2577) Heraklio 2007}) 15. Rc1 $146 ({Predecessor:} 15. Bxc6 Bxc6 16. d5 Bxc3 17. Nxc3 Qxd1 18. Rfxd1 Bd7 19. d6 exd6 20. Rxd6 Be6 21. Nxb5 {1-0 (42) Cossin,S (2413)-Bernard,C (2335) France 2007}) 15... Rac8 {White has an edge.} 16. Qd3 Bh6 ({Black should try} 16... e6 $11 17. Bxc6 Bxc6) 17. Bd2 $14 Bxd2 18. Qxd2 e6 19. Bb3 Qh4 20. Ng3 Rfd8 21. Rfd1 Be8 22. d5 {Black should prevent Qe3.} Ne7 (22... a5 $1 $11) 23. Qa5 exd5 24. Rxc8 Nxc8 25. exd5 {[%cal Be4d5,Bd5d6][%mdl 32]} Qf6 ({Better is} 25... Nd6 $14) 26. Ne4 $16 Qe7 27. Re1 $36 {[%mdl 2048] White has strong initiative.} Nb6 $2 {[%mdl 8192] [#]} (27... Nd6 $16) 28. Qc3 $18 Nd7 29. d6 Qh4 (29... Qe5 $142 30. Qxe5 Nxe5 31. Nf6+ Kg7) 30. g3 Qg4 31. Nf6+ (31. Qc7 $142 Kf8 32. Qxd8) 31... Nxf6 32. Qxf6 {Intending Rxe8+! and mate.} Rc8 {[#] Black hopes to continue with ...Qf5.} 33. Rxe8+ $1 {[%mdl 512] Precision: White = 55%, Black = 29%.} 1-0

[Event "Central-SRB chT 2018"]
[Site "Kragujevac"]
[Date "2018.09.20"]
[Round "9"]
[White "Paunovic, Tomislav"]
[Black "Radovanovic, Nikola"]
[Result "0-1"]
[WhiteElo "2340"]
[BlackElo "2420"]
[Annotator "TA"]
[PlyCount "74"]
[EventDate "2018.09.14"]
[EventType "team-tourn"]
[EventCountry "SRB"]
[SourceTitle "playchess.com"]
[Source "ChessBase"]
[SourceQuality "1"]

{[%evp 20,74,35,31,62,64,58,47,64,47,57,47,65,60,91,65,78,31,66,43,52,6,16,15,29,0,0,-6,0,-51,0,-11,-9,-55,-87,-150,-96,-125,0,0,71,69,110,16,20,49,254,-865,-851,-843,-836,-29990,-29991,-29991,-29992,-29992,-29992]} 1. d4 d6 2. Nf3 Nf6 3. Bf4 g6 4. e3 Bg7 5. Be2 O-O 6. h3 Nfd7 7. O-O Nc6 8. c4 e5 9. Bh2 e4 {A48: Königsindisch (ohne c2-c4)} (9... f5 10. Nc3 g5 11. c5 e4 12. cxd6 exf3 13. dxc7 Qe8 14. Bxf3 Nf6 15. Nb5 g4 16. hxg4 fxg4 17. Nd6 {1-0 (45) Shabalov,A (2520)-Naiditsch,A (2673) Jurmala 2016}) 10. Nfd2 f5 11. Nc3 {LiveBook: 23 Partien} g5 {Weiß steht etwas besser.} 12. b4 Nf6 13. Qb3 Kh8 14. Rac1 Ne7 15. d5 {[#]} Ng6 $146 ({Vorgänger:} 15... a6 16. Rfd1 Ng6 17. c5 {1-0 (36) Laveryd,P (2425)-Hillarp Persson,T (2562) Sweden 2000}) 16. c5 a6 17. cxd6 cxd6 18. a4 Re8 19. Rfe1 f4 20. exf4 gxf4 21. Bf1 {[%cal Rd2e4]} Bf5 $1 22. a5 Rc8 23. Nc4 Nh5 24. Kh1 (24. Qd1 $11 Nf6 25. Ne2) 24... Nh4 (24... e3 $1 $15 25. fxe3 Qh4) 25. Qd1 (25. Ne2 $5 {[%cal Re2f4]} Bh6 26. Rcd1 $11) 25... Rxc4 26. Bxc4 Qg5 {[%csl Gh4][%cal Rg5g2]} 27. Bf1 (27. Rg1 $142 e3 28. f3) 27... e3 $1 $17 28. f3 Ng3+ (28... Bf6 $17 29. Re2 Qg7) 29. Bxg3 $1 $11 Qxg3 (29... Bxh3 $1 $11 {hält das Gleichgewicht.} 30. Ne4 (30. gxh3 Qxg3 31. Ne4 Rxe4 $16) 30... Rxe4 31. gxh3 (31. fxe4 fxg3 32. Qa4 Qh5 $11) 31... Qxg3 32. Rc8+ (32. fxe4 Nf3 $11) 32... Bf8 $1 {[%mdl 512]}) 30. Ne2 $16 Qg5 {[#]} 31. Nd4 ({Besser ist} 31. Rc4 $1 $16) 31... Bxh3 $11 32. gxh3 {Schwarz muss nun Tc7 beachten.} Be5 $2 (32... Rg8 $1 $14 33. Rc2 (33. Ne6 $2 Qg3 $19) 33... Bf6) 33. Ne6 $4 {[%mdl 8192]} (33. Rc2 $18) 33... Qg3 $19 {( -> ...Tg8)} 34. Qe2 Rg8 {[%csl Gg8][%cal Rg3g1]} 35. Ng5 Rxg5 {[%csl Gg5][%cal Rg3g1] Schwarz setzt Matt.} 36. Rc8+ Kg7 {[%csl Gg5][%cal Rg3g1]} 37. Rc7+ Kh6 {Precision: Weiß = 47%, Schwarz = 65%.} 0-1

[Event "Central-SRB chT 2018"]
[Site "Kragujevac"]
[Date "2018.09.20"]
[Round "9"]
[White "Savicevic, Vlatko"]
[Black "Atakisi, Umut"]
[Result "1/2-1/2"]
[WhiteElo "2338"]
[BlackElo "2397"]
[Annotator "TA"]
[PlyCount "30"]
[EventDate "2018.09.14"]
[EventType "team-tourn"]
[EventCountry "SRB"]
[SourceTitle "playchess.com"]
[Source "ChessBase"]
[SourceQuality "1"]

{[%evp 13,19,0,17,0,-2,3,26,9]} 1. e4 c5 2. Nc3 g6 3. g3 Nc6 4. Bg2 Bg7 5. d3 d6 6. Nge2 Nf6 7. O-O O-O {LiveBook: 200 Games} 8. Nd5 {B25: Closed Sicilian: 3 g3, lines without early Be3} (8. a3 e6 9. Rb1 Rb8 10. b4 b6 11. h3 Bb7 12. Be3 Nd7 13. Qd2 a6 14. Bh6 Bxh6 15. Qxh6 Qf6 {0-1 (48) Caruana,F (2816)-Vachier Lagrave,M (2789) Leuven 2018}) 8... Nxd5 9. exd5 Ne5 10. h3 {Predecessor:} b5 $146 11. d4 cxd4 12. Nxd4 Bd7 13. Re1 Qb6 14. Nf3 Rac8 15. Nxe5 Bxe5 {½-½ (49) Kushnaryov,A (1800)-Marculescu,G (1829) LSS email 2009} 1/2-1/2